Central Library OPAC University of Rajshahi

The other Victorians : (Record no. 29774)

MARC details
000 -LEADER
fixed length control field 00949nam a2200277u 4500
001 - CONTROL NUMBER
control field 29774
003 - CONTROL NUMBER IDENTIFIER
rucl marc code BD-RjUL
005 - DATE AND TIME OF LATEST TRANSACTION
control field 20211209051446.0
008 - FIXED-LENGTH DATA ELEMENTS--GENERAL INFORMATION
fixed length control field 140407s1966 enk 001 1 eng
035 ## - SYSTEM CONTROL NUMBER
System control number (BD-RjUL)29859
040 ## - CATALOGING SOURCE
Original cataloging agency DLC
Transcribing agency CarP
Modifying agency DLC
-- BD-RjUL
Language of cataloging eng
041 ## - LANGUAGE CODE
Language code of text/sound track or separate title eng
082 ## - DEWEY DECIMAL CLASSIFICATION NUMBER
Classification number 823.8093538
Author mark and year MAO 1966
100 1# - MAIN ENTRY--PERSONAL NAME
Personal name Marcus, Steven,
Dates associated with a name 1928-
9 (RLIN) 90643
245 14 - TITLE STATEMENT
Title The other Victorians :
Remainder of title a study of sexuality and pornography in mid-nineteenth-century England /
Statement of responsibility, etc. Steven Marcus
260 ## - PUBLICATION, DISTRIBUTION, ETC. (IMPRINT)
Place of publication, distribution, etc. London :
Name of publisher, distributor, etc. Weidenfeld & Nicolson,
Date of publication, distribution, etc. c1966.
300 ## - PHYSICAL DESCRIPTION
Pagination xvii, 292 p. ;
Size 23 cm.
504 ## - BIBLIOGRAPHY, ETC. NOTE
Bibliography, etc Includes index.
650 #0 - SUBJECT ADDED ENTRY--TOPICAL TERM
Topical term or geographic name as entry element English literature
Chronological subdivision 19th century
General subdivision History and criticism.
9 (RLIN) 90644
Topical term or geographic name as entry element Erotic literature
General subdivision History and criticism.
9 (RLIN) 90645
830 #0 - SERIES ADDED ENTRY--UNIFORM TITLE
Volume number/sequential designation 1. [from old catalog]
Uniform title Studies in sex and society,
942 ## - ADDED ENTRY ELEMENTS (KOHA)
Source of classification or shelving scheme Dewey Decimal Classification
Koha item type Books
Holdings
Lost status Source of classification or shelving scheme Damaged status Not for loan Collection code Permanent Location Current Location Shelving location Date acquired Source of acquisition Cost, normal purchase price Total Checkouts Full call number Date last seen Copy number Koha item type
  Dewey Decimal Classification   Added to bundle Fiction Central Library, University of Rajshahi Central Library, University of Rajshahi Reading Room 20/03/1968 Paramount Book Corp. 33.75   823.8093538 MAO 1966 07/04/2014 C-1 Books
  Dewey Decimal Classification     Non-fiction Central Library, University of Rajshahi Central Library, University of Rajshahi General Stacks 20/07/2025       823.8093538 MAO 1966 20/07/2025 C-2 Books